Datum a čas kvízu

31 Celkem bodů Celkový počet nahraných bodů na tomto kvízu bez doplňovacích otázek.
4. Pořadí na kvízu Konečné umístění týmu na tomto kvízu.

Zaznamenané odpovědi

# Otázka Odpověď Body Výsledky
1. Ve středu se uskutečnilo letoš... Jablonec nad Nisou 0
2. Po ulicích jednoho středoslove... Liptovský Mikuláš 1
3. Jak se nazývá soutěžní reality... Peče celá země 1
4. Některé provozovny jistého řet... McDonald's 0
5. Minulý týden se stala jedna ne... Jaromír Jágr 1
6. Téma začneme v Evropě. Seřaďte... 1C 2B 3A 4D 1
7. V čele kterého ostrovního stát... Kuba 1
8. Které z těchto zvířat nežije p... C 1
9. Celkově kolikátou nejlidnatějš... 4. nejlidnatější 0
10. Jak se jmenuje ostrovní stát,... Papua Nová Guinea 1